[Event "E World Cup"]
[Site "Khanty Mansiysk"]
[Date "2019.09.16"]
[Round "19.9"]
[White "Xu, Xiangyu"]
[Black "Grischuk, Alexander"]
[Result "0-1"]
[WhiteElo "2576"]
[BlackElo "2759"]
[EventDate "2019.??.??"]
[Annotator "Bojkov,Dejan"]
[PlyCount "78"]
[Beauty "7701971077170"]
[EventType "schev"]
[EventRounds "3"]
[EventCountry "RUS"]

1.d4 Nf6 2.c4 e6 3.Nc3 ( 3.Nf3 d5 4.Nc3 {was the move order of the game Chatalbashev,B (2552)-Docx,S (2427) Gent 2017 below.} ) 3...Bb4 4.Nf3 d5 5.Qa4+ Nc6 6.e3 O-O 7.Qc2 ( 7.Bd2 {is the main line.} ) 7...b6 ( {The very solid line} 7...Bd6 8.c5 Be7 9.Bb5 Bd7 10.O-O a6 11.Bxc6 Bxc6 12.b4 Ne4 13.Ne5 Qe8 14.Nxc6 Qxc6 15.a4 Nxc3 16.Qxc3 Qd7 17.Bd2 c6 {led eventually to a draw in Mamedyarov,S (2765)-Dubov,D (2700) Paris 2019} ) 8.Bd2 Bb7 {This leads to an already fresh position. According to my Megabase only two games have been played in the line.} ( {In one of his previous games the Russian GM chose} 8...a5 9.Bd3 Ba6 10.cxd5 Bxd3 11.Qxd3 exd5 12.Rc1 Ne7 {Vitiugov,N (2718)-Grischuk,A (2751) Novi Sad 2016} ) 9.a3 ( 9.cxd5 exd5 10.Bd3 Bd6 {was Chatalbashev,B (2552)-Docx,S (2427) Gent 2017} ) 9...Bd6 10.cxd5 {The first lenghthy thought by the Chinese player.} 10...exd5 11.Bd3 a6 12.Ne2 $146 {This novelty has been played after almost half an hour of thought.} ( {Both predecessors saw} 12.O-O {when Black opted for either} 12...Nb8 ( {Or} 12...Re8 13.b4 Nb8 14.b5 a5 15.a4 Nbd7 {Chatalbashev,B (2552)-Docx,S (2427) Gent 2017} ) 13.b4 Qe7 14.Rfb1 Re8 15.a4 c6 16.Ne5 Bxe5 17.dxe5 Qxe5 18.Ne2 {Tabatabaei,M (2590)-Alekseev,E (2639) Bandar e Anzali 2019} ) 12...Ne7 13.Bc3 {Xu stops the c7-c5 advance...} ( {There is no time for} 13.Ng3 c5 ) 13...Ne4 $1 {...but allows another unpleasant move. If the knight is left where it is the kingside attack will run smoothly.} 14.Bxe4 {Therefore White ventures into a risky line.} ( {Objectively speaking:} 14.O-O {should have been preferred.} ) 14...dxe4 15.Ng5 {Black loses a pawn, but in the process all his long-ranged pieces are freed.} 15...Nd5 {A cautious move. Grischuk makes sure there will be no long-ranged pieces eyeing his king.} ( {Also interesting was} 15...Nf5 16.Nxe4 Qh4 17.N4g3 ( 17.N2g3 Nxe3 $1 {as below.} ) 17...Nxg3 18.fxg3 ( 18.Nxg3 Bxg2 {would be similar to the game except that instead of a knight there is a bishop on c3.} ) 18...Qe7 {with good compensation for a pawn.} ) 16.Nxe4 Qh4 17.N4g3 ( {Worse is} 17.N2g3 $2 Nxe3 $1 18.fxe3 Bxe4 {with a clear advantage for Black.} ) ( {The other forcing line also favors the second player:} 17.Nxd6 Nxe3 $1 18.Qd3 Nxg2+ 19.Kf1 Nf4 20.Nf5 ( {Or} 20.Nxf4 Bxh1 ) 20...Nxd3 21.Nxh4 Bxh1 {as the black knight cannot be trapped:} 22.Rd1 g5 ) 17...Nxc3 18.Nxc3 Bxg2 {Black regains the pawn, however now some files are opened against his king. It all gets very, very sharp.} 19.Rg1 Bf3 $1 ( {More open files mean more problems for Black:} 19...Qxh2 20.O-O-O Bf3 {White can already regain the material with} 21.Rh1 ( {Or play for attack with} 21.Nf5 $5 ) ( {Or} 21.Rde1 $5 ) 21...Bxh1 22.Rxh1 Bxg3 23.Rxh2 Bxh2 ) 20.Nf5 Qxh2 21.Rxg7+ Kh8 {All of this was forced and Xu hurries to bring on the reserves with} 22.Ne4 ( {The other option was} 22.Ne2 {when Black can practically force a draw with} 22...Rg8 ( {Or play on with} 22...Qh5 23.Neg3 ( {Not} 23.Nxd6 Kxg7 ) 23...Bxg3 24.Rxg3 Qh1+ 25.Kd2 Qxa1 26.Rxf3 {with compensation for the exchange.} ) 23.Rxg8+ Rxg8 24.Nxd6 cxd6 25.Qf5 Rg1+ 26.Nxg1 Qxg1+ 27.Kd2 Qxa1 28.Qf6+ Kg8 29.Qd8+ Kg7 30.Qg5+ {and perpetual.} ) 22...Bh5 {Black on his turn hurries to bring on the reserves and hopes to trap the rook.} ( {Grischuk avoids the devilish trap} 22...Qh1+ $2 23.Kd2 Qxa1 ( {Even worse is} 23...Bxe4 24.Rxh1 Bxc2 25.Rhxh7# ) 24.Nf6 Qh1 25.Rxh7+ Qxh7 26.Nxh7 Kxh7 27.Nxd6+ {when White should win.} ) ( {However, safer was} 22...Rg8 23.Rxg8+ Rxg8 24.Kd2 Rg6 ) 23.Nf6 Bg6 {The point. It should be said that the previous play exhausted both players' clocks. Especially White's.} 24.O-O-O {According to the computer, this most natural move is a mistake. There is a huge difference if the white king is on d2 or c1!} ( {The machine finds this play best:} 24.Qe4 $1 Qh3 25.Rxh7+ $3 Bxh7 26.Nxh7 Qxh7 ( {Instead} 26...Kxh7 $2 {loses after} 27.Nxd6+ Kg8 28.Kd2 cxd6 29.Rg1+ ) ( {However} 26...Rae8 $5 {is possible with unclear endgame after} 27.Ng5 Rxe4 28.Nxh3 ) 27.Kd2 Rae8 28.Qf3 {Ra1-h1 is a major threat, which means that Black's next move is forced} 28...Bh2 $1 29.Rh1 Rg8 $1 {The threat is Rg8-g1, but White has} 30.Ne7 $3 Rxe7 31.Qf6+ Rg7 32.Qxe7 {Then} 32...Qh5 {is well met with} ( 32...Rg2 33.Qf8+ Rg8 34.Qe7 {only repeats moves.} ) 33.Qe8+ Rg8 ( {Not:} 33...Kh7 $2 34.Qe5 $1 ) 34.Qe5+ Qxe5 35.dxe5 Rg2 36.Ke2 Kg7 37.Kf3 Rg5 38.Rxh2 Rxe5 {with a drawn rook endgame!!} ) 24...Be7 {A blunder says the computer, but apparently both players believed it was already over for White.} ( {On his turn, Grischuk misses the computer idea:} 24...Qh3 $3 25.Rxh7+ Bxh7 26.Nxh7 Qxh7 27.Qe4 Rae8 28.Qf3 ( 28.Qg2 Rg8 {loses a vital tempo.} ) 28...Bh2 29.Rh1 Rg8 {Now in comparison to before, the line} 30.Ne7 Rxe7 31.Qf6+ Rg7 32.Qxe7 Qh5 33.Qe8+ Rg8 34.Qe5+ Qxe5 35.dxe5 {no longer works as} 35...Rg1+ $1 {is a check. This is where the difference between 0-0-0 and Kd2 becomes evident.} ) 25.Qc6 {With seconds on the clock Xu misses a win!} ( {The following brilliant stuff} 25.Rxh7+ $3 Bxh7 26.Nxh7 Qxh7 27.Qe4 Bd6 28.Rh1 Bh2 29.Qg2 {would have won the game for him.} ) ( {Moreover} 25.Ng4 Qh5 26.Rxg6 {was also far from clear, and even worse for White after} 26...fxg6 ( {Or} 26...hxg6 27.Nxe7 Qxg4 28.d5 ) 27.Nxe7 Qxg4 28.Rh1 Rf6 29.Qxc7 {White definitely has enough for the exchange.} ) ( 25.Rxg6 hxg6 26.Ng4 {would have transposed to the line from above.} ) 25...Bxf5 26.Rdg1 {The last attempt. It could easily have worked in time trouble.} 26...Bg6 ( {For instance, an obvious move like} 26...Bd6 $2 {would reveal White's idea:} 27.R7g2 $1 Qh3 28.Qxa8 $1 Rxa8 29.Rg8+ Rxg8 30.Rxg8# ) ( {The aforementioned line worked only because the black queen was removed from the rook. It would not work after} 26...Qxf2 27.Qxa8 Qxg1+ $1 ) 27.R1xg6 hxg6 28.Rh7+ Qxh7 29.Nxh7 Kxh7 {The extra material wins easily. The only task is to reach the time-control.} 30.Kd2 Bd6 31.e4 Rad8 32.Ke3 Rfe8 33.f4 ( 33.e5 Re6 34.f4 Kg7 {leads to the same.} ) 33...Re6 34.e5 Kg7 ( {Not the hasty} 34...Bxe5 $2 35.Qh1+ ) 35.Qb7 c5 36.d5 ( {Or} 36.Qxb6 Bxe5 37.Qxd8 Bf6+ ) 36...Re7 37.Qxb6 Bxe5 $1 38.fxe5 ( 38.Qxd8 Bf6+ {and whereever the king goes there's a discovery check.} ) 38...Rxe5+ 39.Kf3 Rexd5 0-1

[Event "E World Cup"]
[Site "Khanty Mansiysk"]
[Date "2019.09.17"]
[Round "20.6"]
[White "Matlakov, Maxim"]
[Black "Aronian, Levon"]
[Result "0-1"]
[WhiteElo "2716"]
[BlackElo "2758"]
[EventDate "2019.??.??"]
[Annotator "Bojkov,Dejan"]
[PlyCount "78"]
[Beauty "7698057796127"]
[EventType "schev"]
[EventRounds "3"]
[EventCountry "RUS"]

1.e4 {A surprise. Matlakov is mainly a 1.d4 player. He rarely pushes his king's pawn this early.} 1...e5 2.Nf3 Nc6 3.Bc4 Nf6 4.d3 Bc5 5.c3 O-O 6.O-O d5 {Aronian likes this move against the Ruy Lopes as well.} 7.exd5 Nxd5 8.Re1 Bg4 9.Nbd2 Nb6 10.h3 Bh5 11.Bb3 Kh8 {A question of style. Aronian likes initiative and therefore prefers to keep queens on the board.} ( {White does not seem to have much after:} 11...Qxd3 12.Nxe5 Bxd1 13.Nxd3 Bxb3 14.axb3 Be7 15.b4 a6 16.Ne4 Nd7 17.Bf4 Rac8 18.Rad1 Rfd8 {but eventually managed to win in Giri,A (2797)-Harikrishna,P (2723) Shenzhen 2019. Moreover, these positions would be completely risk-free for White with close to zero chances of a loss.} ) 12.Ne4 Be7 13.Ng3 Bxf3 14.Qxf3 f5 15.a4 $146 ( 15.Bc2 a5 16.Nf1 Bg5 17.Qh5 Bxc1 18.Raxc1 Qf6 19.Nh2 g6 20.Qh6 Nd8 {was OK for Black in Dastan,B (2569)-Martirosyan,H (2597) Batumi 2018} ) ( {The immediate pawn sacrifice} 15.d4 {is also interesting as the line} 15...exd4 16.Nh5 dxc3 17.Qg3 Bf6 18.bxc3 {promises White plenty of initiative on the open files and diagonals.} ) 15...a5 {The pawn should not be let run all the way to a6. This will weaken the light squares too much.} 16.d4 f4 ( {Once more} 16...exd4 17.Nh5 dxc3 ( {But maybe Black can defend with} 17...Bf6 ) 18.Qg3 Bf6 19.bxc3 {looks good for White.} ) 17.Nh5 {Risky, but good.} ( 17.Ne2 {is more solid.} ) 17...g6 18.dxe5 {Except that the follow-up is not the optimal one.} ( {Better was to keep the open file for the rook with} 18.d5 $1 Na7 ( 18...Nb8 {barely changes much.} ) 19.Rxe5 Bd6 ( {Worse is} 19...gxh5 20.Rxh5 Qd7 21.Bc2 Rf7 22.c4 {with an overwhelming initiative for White.} ) 20.Re6 gxh5 21.Qxh5 {The rook on e6 would have been quite useful on the kingside, whereas the black knights need time to rescue their king.} ) 18...gxh5 19.Qxh5 Qd3 {This blocks the bishop's diagonal and prepares a counterattack.} 20.Bf7 Rxf7 {At the first possible moment. Aronian never hesitates whenever the word initiative is on the board.} ( {Strictly speaking, he could have waited for a better moment to sacrifice the exchange. After} 20...Rad8 21.Bxf4 $2 {would allow such a chance:} ( {Black is doing great after} 21.e6 Nd5 {followed by Nd5-f6 too.} ) 21...Rxf7 22.Qxf7 Rf8 {winning.} ) 21.Qxf7 Rf8 22.Qh5 Bc5 23.Qf3 {The best defense.} ( {Otherwise White will be forced to trade the queens under less favorable circumstances:} 23.Qe2 Qg3 24.Qf3 Nc4 25.e6 N4e5 ) 23...Qxf3 24.gxf3 Rf5 {The minor pieces are better in the arising endgame as they have nice outposts around the white king.} 25.Re4 ( 25.e6 Kg7 {would not change anything. The e-pawn is due to evaporate soon.} ) 25...Nxe5 26.Bxf4 Bd6 27.Kg2 Nd5 28.Bg3 Ng6 $1 ( {Less accurate was} 28...Nxf3 29.Bxd6 cxd6 30.Rd1 ) 29.Rd1 ( {After} 29.Bxd6 cxd6 30.Rd1 Ndf4+ 31.Kf1 d5 {Black is much better in any case.} ) 29...Kg7 30.h4 Kf7 31.Rd2 ( {Here and on the next move it made sense for White to swap the bishops off:} 31.Bxd6 cxd6 32.Kg3 ) 31...Nf6 32.Red4 Nf4+ 33.Kh2 ( {The black bishop will be superbly placed in case of} 33.Bxf4 Bxf4 34.Rd1 Bd6 {followed by b7-b6.} ) 33...Ne6 34.Rc4 Bxg3+ $1 {Concrete and strong, especially in timetrouble.} 35.fxg3 ( 35.Kxg3 c6 {followed by Nf6-d5 would also keep the white rooks under control.} ) 35...Rxf3 36.Kg2 ( {Perhaps White should have trid:} 36.b4 axb4 37.cxb4 Ra3 ) 36...Re3 37.g4 Ke7 {The final preparation.} 38.Rf2 ( {Or else the black knights and rook create mating threats:} 38.g5 Ne4 39.Rd1 Nf4+ 40.Kf1 Re2 ) 38...Ne4 $1 {A rook is trapped no matter what!} 39.Rf5 ( {If} 39.Rc2 Nd6 {anyway.} ) ( {Both} 39.Rf3 Rxf3 40.Kxf3 Nd2+ ) ( {and} 39.Rf1 Nd2 {can't help either.} ) 39...Nd6 0-1

[Event "E World Cup"]
[Site "Khanty Mansiysk"]
[Date "2019.09.18"]
[Round "22.2"]
[White "Giri, Anish"]
[Black "Xiong, Jeffery"]
[Result "1/2-1/2"]
[WhiteElo "2780"]
[BlackElo "2707"]
[EventDate "2019.??.??"]
[Annotator "Bojkov,Dejan"]
[PlyCount "131"]
[Beauty "4884472600665"]
[EventType "schev"]
[EventRounds "3"]
[EventCountry "RUS"]

1.Nf3 Nf6 2.c4 c5 3.Nc3 e6 4.g3 b6 5.Bg2 Bb7 6.O-O Be7 7.Re1 Ne4 {Avoiding the Hedgehog positions.} 8.Nxe4 Bxe4 9.d3 Bb7 10.e4 Nc6 11.d4 ( {Another plan is} 11.a3 O-O 12.Rb1 Rc8 13.h4 h6 14.Bd2 a5 15.Bc3 Ba6 16.Nd2 {Wang,Y (2684)-Meier,G (2621) chess.com INT 2019} ) 11...cxd4 12.Nxd4 Nxd4 13.Qxd4 O-O 14.Be3 Qc7 15.Rac1 Qc6 $146 ( {A predecessor saw Black holding his own after} 15...Rfd8 16.Red1 Bc6 17.a3 Qb7 18.b4 f5 19.Rf1 Bf6 20.Qd2 a6 21.f3 fxe4 22.fxe4 b5 23.Rfe1 {1/2 Snape,I (2241)-Broomfield,M (2325) Coulsdon 2006} ) 16.Qd2 {Next Xiong goes for the throat at once with} 16...f5 17.Bd4 f4 {Objectively speaking, this should not be working but it makes the games extremely sharp at once.} 18.gxf4 Bd6 19.f5 {Most likely a blunder.} ( {Better was:} 19.Be3 Rf7 20.Red1 Bc5 21.b4 {when Black's compensation is questionable.} ) 19...Rxf5 $1 {Not only did White lose his extra pawn, but the rook is positioned for the kingside attack.} ( {Presumably Giri expected} 19...exf5 20.Qg5 Rf7 21.e5 Qxg2+ 22.Qxg2 Bxg2 23.Kxg2 Bb4 24.Bc3 {with a pleasant endgame.} ) 20.b4 {White needs to try and disturb the black bishops.} 20...Rh5 21.h3 Rf8 22.Red1 $1 {With the threat of Bd4xg7.} 22...Rxh3 {Tempting, but wrong. Now it is Giri's turn to fire.} ( {Strong was} 22...Bf4 23.Be3 Rg5 $1 {with the key point} 24.Bxf4 Qxe4 $1 25.f3 Qxf4 26.Qxf4 Rxf4 27.Rxd7 Bxf3 {and Black has the better endgame.} ) 23.Bxg7 $1 {Now everything is hanging, but above all the black king is less safe than his colleague.} ( 23.Bxh3 $2 {would have left White helpless after} 23...Qxe4 24.f3 Rxf3 25.Bg2 Rg3 26.Rc2 Qg4 ) 23...Rh2 ( {The main point behind the capture (and the Re1-d1 move) is revealed in the line} 23...Kxg7 24.Bxh3 Qxe4 25.Qd4+ ) ( {Objectively best was} 23...Bh2+ 24.Kf1 Rf7 25.Bf6 Rxf6 26.Bxh3 Bf4 {trying to organize the defense on the dark squares.} ) 24.Qg5 {Xiong was playing on seconds, and is under a decisive attack. A lot of people would have thrown in the towel here...} 24...Rf5 $3 {The second rook goes wild. At the same square.} ( 24...Bf4 25.Qg4 {was bad for Black.} ) ( {Even worse was} 24...Rf7 25.Be5+ Kf8 26.Qd8# ) 25.Qg4 Kf7 26.Bb2 ( {Giri was also running out of time. Otherwise he might have found the large advantage after} 26.Bh6 $3 Ke7 {Now White has a choice between the inspiring} ( 26...Rxh6 27.exf5 {It is important that this pawn defends the g6 square against the rook pins.} ) 27.c5 ( {and the rock-solid} 27.Qg7+ Kd8 28.f3 ) 27...bxc5 28.Rxc5 Bxc5 ( {White is also in control after} 28...Rxg2+ 29.Qxg2 Bxc5 30.Qg7+ Kd8 31.bxc5 ) 29.Kxh2 {In both cases White is much better although it is not over yet.} ) 26...Bf4 ( {Best was to run away with the king at once with} 26...Ke8 $1 27.Rd5 Rf4 28.Qg3 exd5 29.exd5 Qa4 30.Qxh2 Qxb4 31.Be5 Bxe5 32.Qh5+ Kd8 33.Qxe5 Qd2 {with equality according to the machine.} ) 27.b5 Qc7 ( {Nothing changes} 27...Qc8 28.Qg7+ Ke8 29.Bf6 Rxg2+ 30.Kxg2 Bxe4+ 31.Kg1 {and White should be close to winning.} ) 28.Qg7+ {The decisive moment of the match. It seems as White is mating, but this is not the case. I am not sure White would have found the winning continuation even in a classical game though.} ( {The win was lying in the 'compvine' (a combination of 'computer' and 'divine') move:} 28.Rd5 $3 {(I do not have enough exclamations for this one.) Then the main idea is} 28...Bxd5 ( 28...exd5 29.Qxf5+ Ke8 30.Ba3 Bd6 31.cxd5 {leaves Black completely defenseless.} ) ( {Easier to refute is the forcing line} 28...Rxg2+ 29.Kxg2 Bxc1 30.Rxf5+ exf5 31.Qg7+ Ke8 32.Qg8+ Ke7 33.Bxc1 ) 29.cxd5 Bxc1 ( 29...Rxg2+ 30.Kxg2 {changes nothing.} ) 30.dxe6+ dxe6 31.Qg7+ Ke8 32.Qxc7 $1 {Who would have predicted that it is this queen White was targeting with the move Rd1-d5!!} ) 28...Ke8 29.Bf6 Rxg2+ $1 {Just in time.} ( {Not} 29...Rxf6 30.Qxf6 Bxc1 31.Rxc1 {when White is clearly better.} ) 30.Kxg2 Bxe4+ 31.Kf1 ( 31.Kg1 Bh2+ 32.Kf1 Bd6 {would transpose instead.} ) 31...Bd6 {The king is almost fully secured.} 32.Bh4 ( {One more computer-generated drawvine (yes, you guessed it: a drawish divine line!) runs} 32.Rc3 Bf8 33.Qg4 Qb7 34.Bh4 Bf3 35.Rxd7 $3 Kxd7 ( 35...Qxd7 36.Rxf3 Qd1+ 37.Kg2 {should be equal as well.} ) 36.Rd3+ Ke8 37.Qg8 Qc8 38.Qxh7 Bh5 39.Qxa7 Bc5 40.Qh7 Bf8 {and the machine says: good game both!} ) 32...Bf8 33.Qg3 Qxg3 34.Bxg3 Bf3 35.Rd4 Be7 {Black is charge in the endgame as the rooks do not have enough room to operate but Giri now demonstrates impeccable defensive technique.} 36.Ke1 Bb4+ 37.Kf1 Be7 38.Ke1 Rh5 39.Kd2 $1 {The presence of opposite-colored bishops should be enough for the draw.} 39...Bf6 40.Rd3 Bg5+ 41.Re3 Kd8 42.Bd6 ( 42.a4 $5 {to trade the pawns as early as he could might have been somewhat better.} ) 42...Rh1 {A practical approach by the American GM. Despite his young age Xiong is always very rational. Black can push for the overall win of the match with no risk.} 43.Rxh1 Bxe3+ 44.Kxe3 Bxh1 45.Kd4 Bf3 46.Kc3 h5 47.a4 $1 h4 48.Kb4 h3 49.a5 Ke8 50.axb6 axb6 51.c5 Kf7 ( 51...bxc5+ 52.Kxc5 Kf7 53.Kd4 {should also be a draw.} ) 52.cxb6 Kf6 53.Bg3 e5 54.Kc3 Ke6 55.Kd3 Bb7 56.f4 $1 {Just in time to swap all the important pawns.} 56...exf4 ( 56...e4+ 57.Ke3 Kf5 58.Bh2 Kg4 59.Kf2 d5 60.Ke3 Ba8 61.Kd4 {is a fortress.} ) 57.Bxf4 Kd5 58.Bh2 Kc5 59.Bg1+ Kxb5 60.Ke2 $1 {Switching the roles of the defenders.} 60...d5 61.Kf2 d4 62.Kg3 d3 63.Be3 Bc8 64.b7 Bxb7 65.Kxh3 d2 66.Bxd2 1/2-1/2